MARC details
| 000 -LEADER |
| fixed length control field |
04043cam a22005054a 4500 |
| 001 - CONTROL NUMBER |
| control field |
7756847 |
| 003 - CONTROL NUMBER IDENTIFIER |
| control field |
ARRUPE |
| 005 - DATE AND TIME OF LATEST TRANSACTION |
| control field |
20141112125059.0 |
| 008 - FIXED-LENGTH DATA ELEMENTS--GENERAL INFORMATION |
| fixed length control field |
060519s2007 nyua b 001 0 eng |
| 010 ## - LIBRARY OF CONGRESS CONTROL NUMBER |
| LC control number |
2006047490 |
| 020 ## - INTERNATIONAL STANDARD BOOK NUMBER |
| International Standard Book Number |
9780375424526 |
| 020 ## - INTERNATIONAL STANDARD BOOK NUMBER |
| International Standard Book Number |
0375424520 |
| 029 1# - (OCLC) |
| OCLC library identifier |
YDXCP |
| System control number |
2483071 |
| 029 1# - (OCLC) |
| OCLC library identifier |
NLGGC |
| System control number |
301756252 |
| 029 1# - (OCLC) |
| OCLC library identifier |
AU@ |
| System control number |
000041404896 |
| 029 1# - (OCLC) |
| OCLC library identifier |
NZ1 |
| System control number |
11378335 |
| 029 1# - (OCLC) |
| OCLC library identifier |
IG# |
| System control number |
9780375424526 |
| 035 ## - SYSTEM CONTROL NUMBER |
| System control number |
(OCoLC)ocm69332474 |
| 035 ## - SYSTEM CONTROL NUMBER |
| System control number |
(OCoLC)69332474 |
| 035 ## - SYSTEM CONTROL NUMBER |
| System control number |
(NNC)7756847 |
| 040 ## - CATALOGING SOURCE |
| Original cataloging agency |
DLC |
| Transcribing agency |
DLC |
| Modifying agency |
BAKER |
| -- |
BTCTA |
| -- |
YDXCP |
| -- |
C#P |
| -- |
VP@ |
| -- |
NLGGC |
| -- |
JN3 |
| -- |
BUR |
| -- |
OCLCG |
| -- |
IG# |
| -- |
CQU |
| -- |
OrLoB-B |
| 042 ## - AUTHENTICATION CODE |
| Authentication code |
pcc |
| 050 00 - LIBRARY OF CONGRESS CALL NUMBER |
| Classification number |
BF698.35.C45 |
| Item number |
R53 2007 |
| 082 00 - DEWEY DECIMAL CLASSIFICATION NUMBER |
| Classification number |
128 |
| Edition number |
22 |
| 084 ## - OTHER CLASSIFICATION NUMBER |
| Classification number |
77.52 |
| Source of number |
bcl |
| 300 ## - PHYSICAL DESCRIPTION |
| Other physical details |
ill. ; |
| Dimensions |
24 cm. |
| 100 1# - MAIN ENTRY--PERSONAL NAME |
| Personal name |
Rieff, Philip, |
| Dates associated with a name |
1922-2006. |
| 9 (RLIN) |
12581 |
| 245 10 - TITLE STATEMENT |
| Title |
Charisma : |
| Remainder of title |
the gift of grace, and how it has been taken away from us / |
| Statement of responsibility, etc |
Philip Rieff ; foreword by Dan Frank and Aaron Manson. |
| 250 ## - EDITION STATEMENT |
| Edition statement |
1st ed. |
| 260 ## - PUBLICATION, DISTRIBUTION, ETC. (IMPRINT) |
| Place of publication, distribution, etc |
New York : |
| Name of publisher, distributor, etc |
Pantheon Books, |
| Date of publication, distribution, etc |
c2007. |
| 300 ## - PHYSICAL DESCRIPTION |
| Extent |
x, 271 p. : |
| 504 ## - BIBLIOGRAPHY, ETC. NOTE |
| Bibliography, etc |
Includes bibliographical references (p. 245-254) and index. |
| 505 00 - FORMATTED CONTENTS NOTE |
| Miscellaneous information |
Pt. 1. |
| Title |
The charismatic foundations of culture -- |
| Miscellaneous information |
1. |
| Title |
Spray-on charisma -- |
| Miscellaneous information |
2. |
| Title |
The first vanguard of our inherited culture -- |
| Miscellaneous information |
3. |
| Title |
Covenant and charisma -- |
| Miscellaneous information |
4. |
| Title |
Prophetic charisma -- |
| Miscellaneous information |
5. |
| Title |
The psychiatric study of Jesus -- |
| Miscellaneous information |
6. |
| Title |
The Christian meaning of charisma -- |
| Miscellaneous information |
7. |
| Title |
Faith and fanaticism -- |
| Miscellaneous information |
Pt. 2. |
| Title |
The therapeutic foundations of anti-culture -- |
| Miscellaneous information |
8. |
| Title |
Max Weber and the post-Protestant ethos -- |
| Miscellaneous information |
9. |
| Title |
The meaning of leadership -- |
| Miscellaneous information |
10. |
| Title |
The therapeutic world is without discipline and without disciples -- |
| Miscellaneous information |
11. |
| Title |
Orders of ambivalence -- |
| Miscellaneous information |
12. |
| Title |
The mystique of the break -- |
| Miscellaneous information |
Pt. 3. |
| Title |
The triumph of the therapeutic over the charismatic -- |
| Miscellaneous information |
13. |
| Title |
Evil angels have all but seized control of the world -- |
| Miscellaneous information |
14. |
| Title |
When therapy replaces charisma -- |
| Miscellaneous information |
15. |
| Title |
The revolutionary nature of the therapeutic -- |
| Miscellaneous information |
16. |
| Title |
What greatness owes to guilt -- |
| Miscellaneous information |
17. |
| Title |
The cure and prevention of great men -- |
| Miscellaneous information |
18. |
| Title |
The gift of grace, and how it has been taken away from us -- |
| Miscellaneous information |
19. |
| Title |
The repression of meaning -- |
| Miscellaneous information |
20. |
| Title |
Crippled in our capacities to perceive the seldom-appearing thing. |
| 520 ## - SUMMARY, ETC. |
| Summary, etc |
Charisma has come to be understood as a special gift or talent possessed by celebrities--artists, athletes, political leaders--a quality that makes them objects of universal appeal or attraction. Sociologist Rieff explores the evolution of this compelling concept within Judeo-Christian culture, from the covenant between God and the Israelites: charisma--religious grace and authority--was given to the Old Testament prophets, and embodied by Jesus. Rieff shows how St. Paul transformed charisma into a form of social organization, how it was reworked by Protestant theologians, and, finally, how Max Weber redefined charisma as a secular political concept. In emptying charisma of its religious meaning, the modern perception is stripped of moral considerations. Invoking Kierkegaard, Weber, Kafka, Nietzsche, and Freud, Rieff argues that without morality, the gift of grace becomes indistinguishable from the gift of evil, devolving into a license to destroy in the name of ideology--part of the deepest level of crisis in our culture.--From publisher description. |
| 650 #0 - SUBJECT ADDED ENTRY--TOPICAL TERM |
| Topical term or geographic name as entry element |
Charisma (Personality trait) |
| General subdivision |
History. |
| 9 (RLIN) |
12582 |
| 650 17 - SUBJECT ADDED ENTRY--TOPICAL TERM |
| Topical term or geographic name as entry element |
Charisma. |
| Source of heading or term |
gtt |
| 9 (RLIN) |
12583 |
| 650 17 - SUBJECT ADDED ENTRY--TOPICAL TERM |
| Topical term or geographic name as entry element |
Persoonlijkheidskenmerken. |
| Source of heading or term |
gtt |
| 9 (RLIN) |
12584 |
| 650 17 - SUBJECT ADDED ENTRY--TOPICAL TERM |
| Topical term or geographic name as entry element |
Religieuze aspecten. |
| Source of heading or term |
gtt |
| 9 (RLIN) |
12585 |
| 776 08 - ADDITIONAL PHYSICAL FORM ENTRY |
| Display text |
Online version: |
| Main entry heading |
Rieff, Philip, 1922-2006. |
| Title |
Charisma. |
| Edition |
1st ed. |
| Place, publisher, and date of publication |
New York : Pantheon Books, c2007 |
| Record control number |
(OCoLC)607675901 |
| 856 42 - ELECTRONIC LOCATION AND ACCESS |
| Materials specified |
Contributor biographical information |
| Uniform Resource Identifier |
<a href="http://www.loc.gov/catdir/enhancements/fy0705/2006047490-b.html">http://www.loc.gov/catdir/enhancements/fy0705/2006047490-b.html</a> |
| 856 42 - ELECTRONIC LOCATION AND ACCESS |
| Materials specified |
Publisher description |
| Uniform Resource Identifier |
<a href="http://www.loc.gov/catdir/enhancements/fy0705/2006047490-d.html">http://www.loc.gov/catdir/enhancements/fy0705/2006047490-d.html</a> |
| 856 41 - ELECTRONIC LOCATION AND ACCESS |
| Materials specified |
Sample text |
| Uniform Resource Identifier |
<a href="http://www.loc.gov/catdir/enhancements/fy0708/2006047490-s.html">http://www.loc.gov/catdir/enhancements/fy0708/2006047490-s.html</a> |
| 900 ## - EQUIVALENCE OR CROSS-REFERENCE-PERSONAL NAME [LOCAL, CANADA] |
| Numeration |
TOC |
| 942 ## - ADDED ENTRY ELEMENTS (KOHA) |
| Source of classification or shelving scheme |
Library of Congress Classification |
| Koha item type |
Monograph ( Printed materials) |
| 948 1# - LOCAL PROCESSING INFORMATION (OCLC); SERIES PART DESIGNATOR (RLIN) |
| Series part designator, SPT (RLIN) |
20100430 |
| b (OCLC) |
c |
| c (OCLC) |
tp2276 |
| d (OCLC) |
MPS |